00383nam a2200157Ia 4500008004100000020001800041082001600059100001500075245003400090250000800124260002500132300001200157500002400169650001500193700001700208230524s9999 xx 000 0 und d a9780074638057 a658.45bPAN aI M.Pandey 0aCases in Financial Management a9TH aNEW DELHIbTMHc2008 aXIX;719 aQuantity Number: 5 aManagement a Ramesh Bhat